<?xml version="1.0" encoding="UTF-8"?><?xml-stylesheet type="text/xsl" href="static/style.xsl"?><OAI-PMH xmlns="http://www.openarchives.org/OAI/2.0/" xmlns:xsi="http://www.w3.org/2001/XMLSchema-instance" xsi:schemaLocation="http://www.openarchives.org/OAI/2.0/ http://www.openarchives.org/OAI/2.0/OAI-PMH.xsd"><responseDate>2026-06-06T04:09:49Z</responseDate><request verb="GetRecord" identifier="oai:riuma.uma.es:10630/26836" metadataPrefix="marc">https://riuma.uma.es/rest/oai/request</request><GetRecord><record><header><identifier>oai:riuma.uma.es:10630/26836</identifier><datestamp>2026-02-03T11:56:52Z</datestamp><setSpec>com_10630_2254</setSpec><setSpec>col_10630_37959</setSpec></header><metadata><record xmlns="http://www.loc.gov/MARC21/slim" xmlns:dcterms="http://purl.org/dc/terms/" xmlns:doc="http://www.lyncode.com/xoai" xmlns:xsi="http://www.w3.org/2001/XMLSchema-instance" xsi:schemaLocation="http://www.loc.gov/MARC21/slim http://www.loc.gov/standards/marcxml/schema/MARC21slim.xsd">
   <leader>00925njm 22002777a 4500</leader>
   <datafield ind2=" " ind1=" " tag="042">
      <subfield code="a">dc</subfield>
   </datafield>
   <datafield ind2=" " ind1=" " tag="720">
      <subfield code="a">Pastor-Martín, Francisco</subfield>
      <subfield code="e">author</subfield>
   </datafield>
   <datafield ind2=" " ind1=" " tag="720">
      <subfield code="a">Ruiz-Ruiz, Francisco Jesús</subfield>
      <subfield code="e">author</subfield>
   </datafield>
   <datafield ind2=" " ind1=" " tag="720">
      <subfield code="a">Gómez-de-Gabriel, Jesús Manuel</subfield>
      <subfield code="e">author</subfield>
   </datafield>
   <datafield ind2=" " ind1=" " tag="720">
      <subfield code="a">García-Cerezo, Alfonso José</subfield>
      <subfield code="e">author</subfield>
   </datafield>
   <datafield ind2=" " ind1=" " tag="260">
      <subfield code="c">2023</subfield>
   </datafield>
   <datafield ind2=" " ind1=" " tag="520">
      <subfield code="a">In this letter, we present an autonomous method for the placement of a sensorized wristband to victims in a&#xd;
Search-And-Rescue (SAR) scenario. For this purpose, an all-terrain mobile robot includes a mobile manipulator, which&#xd;
End-Effector (EE) is equipped with a detachable sensorized wristband. The wristband consists of two links with a shared&#xd;
shaft and a spring. This configuration allows the wristband to maintain fixed to the EE while moving and get placed around&#xd;
the victim’s forearm once the contact is produced. The method has two differentiated phases: i) The visual moving hand&#xd;
tracking phase, where a 3D vision system detects the victim’s hand pose. At the same time, the robotic manipulator tracks it&#xd;
with a Model Predictive Controller (MPC). ii) The haptic force-controlled phase, where the wristband gets placed around the&#xd;
victim’s forearm controlling the forces exerted. The wristband design is also discussed, considering the magnitude of the force&#xd;
needed for the attachment and the torque the wristband exerts to the forearm. Two experiments are carried out, one in the&#xd;
laboratory to evaluate the performance of the method and the second one in a SAR scenario, with the robotic manipulator&#xd;
integrated with the all-terrain mobile robot. Results show a 97.4% success in the wristband placement procedure and a&#xd;
good performance of the whole system in a large scale disaster exercise</subfield>
   </datafield>
   <datafield ind1="8" ind2=" " tag="024">
      <subfield code="a">https://hdl.handle.net/10630/26836</subfield>
   </datafield>
   <datafield tag="653" ind2=" " ind1=" ">
      <subfield code="a">Robótica</subfield>
   </datafield>
   <datafield tag="653" ind2=" " ind1=" ">
      <subfield code="a">Ayuda en las catástrofes</subfield>
   </datafield>
   <datafield tag="653" ind2=" " ind1=" ">
      <subfield code="a">Robots autónomos</subfield>
   </datafield>
   <datafield ind2="0" ind1="0" tag="245">
      <subfield code="a">Autonomous Wristband Placement in a Moving Hand for Victims in Search and Rescue Scenarios With a Mobile Manipulator.</subfield>
   </datafield>
</record>
</metadata></record></GetRecord></OAI-PMH>